| 000 | 00953aam a2200337 4500 | ||
|---|---|---|---|
| 005 | 20250819170252.0 | ||
| 008 | 150629b2012 xxu||||| |||| 00| 0 spa d | ||
| 020 | _a9789977135052 | ||
| 041 | _aESP | ||
| 082 | _a345.05 C8374c | ||
| 100 | _aCosta Rica. Leyes. decretos, etc. | ||
| 245 |
_aCódigo penal con jurisprudencia: parte especial _bTomo II |
||
| 260 | _aCosta Rica | ||
| 260 | _bIJSA | ||
| 260 | _c2012 | ||
| 300 | _a1002 páginas | ||
| 490 | _aInvestigación Criminal | ||
| 500 | _aTOMO II | ||
| 650 | _aCOSTA RICA | ||
| 650 | _aDERECHO PENAL | ||
| 650 | _aDELITOS | ||
| 650 | _aDELITOS CONTRA LA VIDA | ||
| 650 | _aDELITOS CONTRA EL HONOR | ||
| 650 | _aDELITOS SEXUALIES | ||
| 650 | _aDELITOS CONTRA LA FAMILIA | ||
| 650 | _aDELITOS CONTRA LA LIBERTAD | ||
| 650 | _aDELITOS CONTRA LA PROPIEDAD | ||
| 650 | _aDELITOS CONTRA LA SEGURIDAD COMÚN | ||
| 650 | _aDELITOS CONTRA LA SALUD PÚBLICA | ||
| 942 |
_cBK _2ddc |
||
| 999 |
_c3159 _d3159 |
||